000 01635nam a2200301Ia 4500
999 _c54195
_d54195
001 21251
003 GE_BSU
005 20211018152035.0
008 181216s2009||||ge |||||||||||||| ||geo||
020 _a9789941409066
040 _cGE_BSU
041 _ageo
080 _a821.133.1.091:821.353.1 დ-15
100 _aდავითაძე, თამილა
_96052
245 _aფრანგული დეკადანსის პოეზია ქართველ ცისფერყანწელთა შემოქმედებაში :
_bპაოლო იაშვილი /
_cთამილა დავითაძე ; რედ. თ. კობახიძე, ე. დავითაძე.
264 _aბათუმი :
_bბსუ,
_c2009.
300 _a276 გვ. ;
_c 22 სმ.
500 _aგანმარტებანი გვ. 258-260
504 _aბიბლიოგრაფია გვ. 248-257
541 _h8ლ. 80თ.
653 _aფრანგული დეკადანსის პოეზია ქართველ ცისფერყანწელთა შემოქმედებაში
653 _aპაოლო იაშვილი
653 _aფრანგული ლიტერატურა
700 _aკობახიძე, თ.
_eრედაქტორი
_94552
700 _aდავითაძე, ე.
_eრედაქტორი
_94180
710 _aშოთა რუსთაველის სახელმწიფო უნივერსიტეტი
_912677
942 _cBK
_2udc